| 000 | 01077cam a22003497a 4500 | ||
|---|---|---|---|
| 001 | 13299148 | ||
| 003 | OSt | ||
| 005 | 20140310182828.0 | ||
| 008 | 030801s2002 enka 001 0 eng | ||
| 010 | _a 2003270752 | ||
| 015 | _aGBA2-V9487 | ||
| 020 | _a0753707128 | ||
| 035 | _a(OCoLC)ocm50270437 | ||
| 040 |
_aUKM _cUKM _dOCLCQ _dC#P _dDLC |
||
| 042 | _alccopycat | ||
| 050 | 0 | 0 |
_aNC 650 _b.R697 2001 |
| 082 | 0 | 4 |
_aMA 741.221 _bR61 2001 |
| 100 | 1 | _aRodwell, Jenny. | |
| 245 | 1 | 0 |
_aStep by Step Drawing _cRodwell, Jenny |
| 260 |
_aLondon _bHamlyn _aNew York _bDistributed in the U.S. by Sterling Pub. Co., _cc2001 |
||
| 300 |
_a288 p. _bill. (chiefly col.) _c28 cm. |
||
| 500 | _aIncludes index. | ||
| 521 | _acollege student | ||
| 526 | _c1210L-1700L | ||
| 541 | _j1 | ||
| 562 | _e1 | ||
| 650 | 0 |
_aDrawing _xTechnique. |
|
| 856 | 4 | 2 |
_3Publisher description _uhttp://www.loc.gov/catdir/description/ste041/2003270752.html |
| 906 |
_a7 _bcbc _ccopycat _d2 _encip _f20 _gy-gencatlg |
||
| 942 |
_2lcc _cBK _kMA |
||
| 999 |
_c16553 _d16553 |
||